h1

h2

h3

h4

h5
h6
000230058 001__ 230058
000230058 005__ 20251223073651.0
000230058 0247_ $$2HSB$$a999910321286
000230058 037__ $$aRWTH-CONV-010491
000230058 041__ $$aEnglish
000230058 1001_ $$0P:(DE-82)166988$$aSchütz, Jochen$$b0
000230058 245__ $$aA Temporally Adaptive Hybridized Discontinuous Galerkin Method for Instationary Compressible Flows$$honline, print
000230058 260__ $$aAachen$$bRWTH Aachen, Institut für Geometrie und Praktische Mathematik$$c2013
000230058 300__ $$a19 S.
000230058 3367_ $$0PUB:(DE-HGF)25$$2PUB:(DE-HGF)$$aPreprint$$bpreprint$$mpreprint
000230058 3367_ $$2ORCID$$aWORKING_PAPER
000230058 3367_ $$2DRIVER$$apreprint
000230058 3367_ $$2DataCite$$aOutput Types/Working Paper
000230058 3367_ $$028$$2EndNote$$aElectronic Article
000230058 3367_ $$2BibTeX$$aARTICLE
000230058 4900_ $$aBericht/ Institut für Geometrie und Praktische Mathematik, RWTH Aachen$$v370
000230058 591__ $$aGermany
000230058 7001_ $$0P:(DE-82)046459$$aJaust, Alexander$$b1
000230058 8564_ $$uhttp://www.igpm.rwth-aachen.de/Download/reports/pdf/IGPM370_k.pdf$$yFulltext
000230058 909CO $$ooai:publications.rwth-aachen.de:230058$$pVDB
000230058 9201_ $$0I:(DE-82)110000_20140620$$k110000$$lFachgruppe Mathematik$$x0
000230058 9201_ $$0I:(DE-82)111520_20140620$$k111520$$lLehr- und Forschungsgebiet Mathematik und Abteilung für Numerische Mathematik$$x1
000230058 961__ $$c2014-10-10$$x2013-11-26$$z2012-02-20
000230058 970__ $$ahsb999910321286
000230058 980__ $$apreprint
000230058 980__ $$aI:(DE-82)110000_20140620
000230058 980__ $$aI:(DE-82)111520_20140620
000230058 980__ $$aVDB
000230058 980__ $$aUNRESTRICTED
000230058 980__ $$aConvertedRecord